000 01111cad a22002055a 4500
001 E149549
008 100318s2010 xxk f v 000 0 eng d
035 _a(Sirsi) u149549
041 0 _aeng
110 1 _aKeating Chambers
245 0 0 _aCase law update 2010
_h[electronic resource]
260 _c2009
490 _aKeating Chambers Case Law Update
520 _aProvides a list of references to articles and some law cases from 2009 relating to construction law and dispute resolution. Focuses on adjudication, arbitration and dispute resolution, contract and procurement law, construction and engineering contract disputes law, general and professional negligence, practice and procedure.
590 _aKA
651 4 _aEngland and Wales
_y1543-
690 _aMANAGEMENT-DISPUTE AVOIDANCE, MANAGEMENT AND RESOLUTION-DISPUTE MANAGEMENT AND RESOLUTION-ARBITRATION
856 4 0 _uhttps://www.keatingchambers.co.uk/multimedia/docs/case%20law%20update%202010/Case%20Law%20Update%20feb%202010%20Issue%201%20website.pdf
_zView the article free of charge (PDF file) at www.keatingchambers.co.uk...
942 _n0
999 _c82205
_d82205